Central Library OPAC University of Rajshahi

Linear algebra / (Record no. 50447)

MARC details
000 -LEADER
fixed length control field 00656nam a2200217 a 4500
001 - CONTROL NUMBER
control field 50447
003 - CONTROL NUMBER IDENTIFIER
rucl marc code BD-RJUL
005 - DATE AND TIME OF LATEST TRANSACTION
control field 20211209075517.0
008 - FIXED-LENGTH DATA ELEMENTS--GENERAL INFORMATION
fixed length control field 160827s1961 maua 000 0 eng d
035 ## - SYSTEM CONTROL NUMBER
System control number BD-RJUL 50567
040 ## - CATALOGING SOURCE
Original cataloging agency DLC/ICU
Transcribing agency CGU
Language of cataloging eng
041 ## - LANGUAGE CODE
Language code of text/sound track or separate title eng
082 ## - DEWEY DECIMAL CLASSIFICATION NUMBER
Edition number 22
Classification number 512.5
Author mark and year HAL 1965
100 10 - MAIN ENTRY--PERSONAL NAME
Personal name Hadley, G.
Fuller form of name (George),
Dates associated with a name 1930-
9 (RLIN) 151152
245 10 - TITLE STATEMENT
Title Linear algebra /
Statement of responsibility, etc. by G. Hadley
260 ## - PUBLICATION, DISTRIBUTION, ETC. (IMPRINT)
Place of publication, distribution, etc. Reading, Mass :
-- London :
Name of publisher, distributor, etc. Addison-Wesley,
Date of publication, distribution, etc. c1961 [printing 1965]
300 ## - PHYSICAL DESCRIPTION
Pagination 290 p. :
Illustrations ill ;
Size 24 cm
650 #0 - SUBJECT ADDED ENTRY--TOPICAL TERM
Topical term or geographic name as entry element Algebras, Linear
9 (RLIN) 137168
830 #0 - SERIES ADDED ENTRY--UNIFORM TITLE
Uniform title Addison-Wesley series in industrial management
942 ## - ADDED ENTRY ELEMENTS (KOHA)
Source of classification or shelving scheme Dewey Decimal Classification
Koha item type Books
Holdings
Lost status Source of classification or shelving scheme Damaged status Not for loan Collection code Permanent Location Current Location Shelving location Date acquired Source of acquisition Cost, normal purchase price Total Checkouts Full call number Date last seen Copy number Koha item type
  Dewey Decimal Classification     Non-fiction Central Library, University of Rajshahi Central Library, University of Rajshahi   08/12/1967 Warsi book center 21.00   512.5 HAL 1965 27/08/2016 C-2 Books
  Dewey Decimal Classification     Non-fiction Central Library, University of Rajshahi Central Library, University of Rajshahi   08/12/1967 Warsi book center 21.00   512.5 HAL 1965 27/08/2016 C-3 Books
  Dewey Decimal Classification     Non-fiction Central Library, University of Rajshahi Central Library, University of Rajshahi   08/12/1967 Warsi book center 21.00   512.5 HAL 1961 27/08/2016 C-4 Books
  Dewey Decimal Classification     Non-fiction Central Library, University of Rajshahi Central Library, University of Rajshahi   07/12/1967 Book View, Dacca 21.00   512.5 HAL 1965 28/08/2016 C-5 Books
  Dewey Decimal Classification     Non-fiction Central Library, University of Rajshahi Central Library, University of Rajshahi   07/12/1967 Book View, Dacca 21.00   512.5 HAL 1964 28/08/2016 C-6 Books
  Dewey Decimal Classification     Non-fiction Central Library, University of Rajshahi Central Library, University of Rajshahi   10/11/1973 U.S. Govt.     512.5 HAL 1964 29/08/2016 C-7 Books
  Dewey Decimal Classification     Non-fiction Central Library, University of Rajshahi Central Library, University of Rajshahi   10/11/1973 U.S. Govt.     512.5 HAL 1964 29/08/2016 C-8 Books
  Dewey Decimal Classification     Non-fiction Central Library, University of Rajshahi Central Library, University of Rajshahi   10/11/1973 Sweets & Zuitlinger     512.5 HAL 1965 29/08/2016 C-9 Books
  Dewey Decimal Classification     Non-fiction Central Library, University of Rajshahi Central Library, University of Rajshahi   10/11/1973 Sweets & Zuitlinger     512.5 HAL 1965 29/08/2016 C-10 Books
  Dewey Decimal Classification   Not For Loan Non-fiction Central Library, University of Rajshahi Central Library, University of Rajshahi Reading Room 10/11/1973 U.S. Govt.     512.5 HAL 1964 29/08/2016 C-1 Books